| 000 | 00833nam a2200217 i 4500 | ||
|---|---|---|---|
| 001 | 125400 | ||
| 003 | ES-MaACL | ||
| 005 | 20250831094227.0 | ||
| 007 | t| | ||
| 008 | 070608s1961 xxua |||| | eng d | ||
| 080 | _a289.3 | ||
| 245 | 0 | 4 |
_aThe book of Mormon _b: an account / _cwritten by the hand of Mormon upon plates taken from the Plates of Nephi ; translated by Joseph Smith, Jr. |
| 246 | 3 | _aBook of Mormon | |
| 260 |
_aSalt Lake City (Utah) : _bChurch of Jesus Christ of Latter-Day Saints, _c1961. |
||
| 300 |
_a558 p. : _bil. col. ; _c18 cm. |
||
| 500 | _aÍndice: p. 525-558. | ||
| 700 | 1 |
_aSmith, Joseph, _d1805-1844 _9148627 |
|
| 710 | 2 |
_aIglesia de Jesucristo de los Santos de los Últimos Días _96949 |
|
| 852 |
_aES-MaACL _jE-11650 _z. - Biblioteca Jacinto Martínez Lacalle |
||
| 999 |
_c125400 _d125400 |
||